000 02249nam0a2200325 4500
001 RU\NLR\BIBL_A\010973312
005 20260409064051.0
010 _a978-5-699-85150-8
_d1500 экз.
021 _aRU
_b2016-1691
_9104
035 _a(NILC)RuMoRGB-008116715
035 _a(NLR Aleph) 010973312
090 _a10834834
_c10834834
100 _a20160208d2016 |||y0rusy50 ca
101 0 _arus
102 _aRU
_aRU
105 _ay|||n|||000yy
200 1 _aБюджетный кодекс Российской Федерации
_e[от 31 июля 1998 года № 145-Ф3
_eпринят Государственной Думой 17 июля 1998 года
_eодобрен Советом Федерации 17 июля 1998 года
_e(в ред. Федеральных законов от 05.08.2000 № 116-Ф3 ... от 26.12.2014 № 449-Ф3, с изм., внесенными Федеральными законами от 31.12.1999 № 227-Ф3 ... от 24.12.2002 № 176-Ф3, Постановлением Конституционного Суда РФ от 17.06.2004 № 12-П, Федеральными законами от 23.12.2004 № 173-Ф3 ... от 09.02.2009 № 17-Ф3, Постановлением Конституционного Суда РФ от 22.06.2009 № 10-П, Федеральными законами от 18.07.2009 № 181-Ф3 ... от 03.11.2015 № 301-Ф3)]
_eтекст с изменениями и дополнениями на 2016 год
205 _a[Офиц. изд.]
210 _aМосква
_cЭксмо
_d2016
215 _a255, [1] с.
_d20
225 1 _aЗаконы и кодексы
604 _171001$aРоссийская Федерация
_1500##$aБюджетный кодекс$2nlr_sh2$3RU\NLR\AUTH\661262431
_3RU\NLR\AUTH\661262431
_aРоссийская Федерация
_tБюджетный кодекс
_92086299
686 1 _aХ622.1-324.9(2Р)
740 1 _aРоссийская Федерация
_iБюджетный кодекс
_tЗаконы
_9425377
_3RU\NLR\AUTH\880379494
801 0 _aRU
_bRuMoRKP
_c20160114
_gRCR
801 2 _aRU
_bРГБ
_c20160119
_grcr
942 _cBOOK
980 _aNB